000 00900nam0a22002411 4500
001 rc\10582
005 20250620113423.0
035 _a(NLR Aleph) 005299625
090 _a6275564
_c6275564
100 _a20021204d1995 |||y0rusy50 ca
101 0 _arus
102 _aRU
105 _aa |||||||||
200 1 _aВоздействие глобальных изменений на биосферу
_fОтв. ред. Н.П. Лаверов
210 _aМ.
_cНПО "Алькор"
_d1995
215 _a60 с.
_cил., карт.
_d29
300 _aНа тит. л. и обл.: Гос. науч.-техн. программа России "Глобал. изменения природ. среды и климата"
702 1 _aЛаверов
_bН.П.
_gНиколай Петрович
_4340
801 0 _aRU
_bNLR
_gpsbo
801 1 _aRU
_bELAR
_2rusmarc
852 _aNLR
_j96-8/315
942 _cBOOK
980 _aNB